O jednom špeciálnom prípade p-sústav

Bibliographic Details
Main Author: Porubský, Štefan, 1947- (Author)
Format: Article
Language:Slovak

MARC

LEADER 00000nab a2200000uu 4500
001 vtls010906938
003 SK-MaSNL
005 20260303142507.0
008 230222|1969 xo |||||||||||||||||slo|
015 |a SNBRB 
035 |a (urnnbn)urn:nbn:sk:snk:ar-a07x1n 
035 |a (uuid)c9901717-f9a9-40b4-8cc8-8f5c77c8f37b 
035 |a urn:nbn:sk:snk-ab8x67 
040 |a SNKBUCL  |b slo  |c SNKBUCL  |e AACR2 
041 0 |a slo 
044 |a xo  |c SK 
100 1 |a Porubský, Štefan,  |d 1947-  |4 aut  |9 206889 
245 1 0 |a O jednom špeciálnom prípade p-sústav  |c Štefan Porubský 
773 0 |t Acta Facultatis rerum naturalium Universitatis Comenianae  |g Roč. 21, č. 21 (1969), s. 35-38 
954 |a odborná, vedecká literatúra pôvodná (slovenská)  |2 lita 
958 |a OND 
958 |a EUIPO 
958 |a article10 
999 |c 1983387  |d 1985317